Ekologické dane ako nástroj environmentálnej politiky diplomová práca

Salvato in:
Dettagli Bibliografici
Autore principale: Lalíková, Kristína
Ente Autore: Národohospodárska fakulta EU. Katedra verejnej správy a regionálneho rozvoja
Altri autori: Mišúnová, Ema
Natura: Libro
Lingua:slovacco
Pubblicazione: Bratislava 2013
Tags: Aggiungi Tag
Nessun Tag, puoi essere il primo ad aggiungerne!!

MARC

LEADER 00000nbm a2200000 4500
001 0169280
005 20161109102252.9
041 0 |a slo 
044 |a SK 
245 1 0 |a Ekologické dane ako nástroj environmentálnej politiky  |b diplomová práca  |c Kristína Lalíková ; školiteľ: Ema Mišúnová 
264 1 |a Bratislava  |c 2013 
300 |a 72 s. 
100 1 |a Lalíková, Kristína 
700 1 |a Mišúnová, Ema 
710 2 |a Národohospodárska fakulta EU. Katedra verejnej správy a regionálneho rozvoja